000 02197cam a22002651i 4500
003 SA-RiAUC
005 20250620145310.0
008 250511s1969 le g 000 0 ara c
040 _aSA-RiSAMA
_bara
_cSA-RiAUC
_erda
082 0 4 _a210
090 _a210
_b ع ز ا
100 1 _aعزام، عبد الرحمن،
_cباشا،
_d1893-1976
_eمؤلف.
245 1 2 _aالرسالة الخالدة /
_cعبد الرحمن عزام.
250 _aالطبعة الرابعة.
264 1 _aبيروت :
_bدار الشروق،
_c1969
300 _a341 صفحة؛
_c24 سم.
336 _aنص
_btxt
_2rdacontent
_3كتاب
337 _aبدون وسيط
_bn
_2rdamedia
338 _aمجلد
_bnc
_2rdacarrier
650 7 _aالإسلام
_2aucsh
856 _uhttp://dl-img.home.nyu.edu/adore-djatoka/resolver?url_ver=Z39.88-2004&svc_id=info%3Alanl-repo/svc/getRegion&svc_val_fmt=info%3Aofi/fmt%3Akev%3Amtx%3Ajpeg2000&svc.format=image/jpeg&rft_id=http%3A//dlib.nyu.edu/files/books/aub_aco000738/aub_aco000738_n000001_d.jp2&svc.scale=230
_yCoverImage
_2 نرجو الانتباه لإمكانية وجود اختلاف في الطبعة أو الناشر بين البيانات على البوابة وما ستجده على الكتاب نظرا لمحدودية المعلومات المتاحة على الموقع الناشر للمادة.
_3Please note that there may be a difference in the edition or publisher between the data on the portal and the book due to the limited information available on the publisher website for the material.
856 _uhttp://dlib.nyu.edu/aco/book/aub_aco000738/1?lang=ar
_yDigital Copy
_2 نرجو الانتباه لإمكانية وجود اختلاف في الطبعة أو الناشر بين البيانات على البوابة وما ستجده على الكتاب نظرا لمحدودية المعلومات المتاحة على الموقع الناشر للمادة.
_3Please note that there may be a difference in the edition or publisher between the data on the portal and the book due to the limited information available on the publisher website for the material.
942 _2ddc
_cBOOK
_n0
949 _aSA-JeALM
_d250511
_umohamedma123
_n1
999 _c9093
_d9093